000 00266nam a2200109Ia 4500
008 200302s9999 xx 000 0 und d
100 _aJohn W. Cataldo
245 _aPen Calligraphy / Course one
260 _bDavis Publications Inc.
260 _c1978
300 _a127 P.,
999 _c272
_d272